Brasileiros com mais seguidores no Instagram - Statistics

Estatísticas Gerais
  • Esse quiz foi jogado 237 vezes
  • A pontuação média é 8 de 10
Estatísticas das Respostas
# Inicial Perfil Profissão % Correto
178Mi N @neymarjr Futebolista
99%
63,2Mi A @anitta Cantora
98%
67,9Mi R @ronaldinho Ex-Futebolista
96%
58,8Mi W @whinderssonnunes Humorista
90%
44,1Mi G @gusttavolima Cantor
80%
43,3Mi B @brunamarquezine Atriz
79%
54,2Mi T @tatawerneck Atriz, Apresentadora
67%
58,7Mi M @marcelotwelve Futebolista
57%
47Mi L @larissamanoela Atriz
54%
44,9Mi M @maisa Apresentadora
49%
Nenhum quiz correspondente encontrado
Distribuição das Pontuações
Porcentagem de Pessoas com Cada Pontuação
Percentil de Números Respondidos
Sua Pontuação Histórica
Você não jogou esse quiz